The politics of the earth : environmental discourses

Αποθηκεύτηκε σε:
Λεπτομέρειες βιβλιογραφικής εγγραφής
Κύριος συγγραφέας: Dryzek, John S., 1953-
Μορφή: Βιβλίο
Γλώσσα:English
Δημοσίευση: Oxford; New York : Oxford University Press, [2005]
Έκδοση:2nd. ed.
Θέματα:
Ετικέτες: Προσθήκη ετικέτας
Δεν υπάρχουν, Καταχωρήστε ετικέτα πρώτοι!

MARC

LEADER 00000cam a2200000 i 4500
001 1/44251
008 070514s2005 eng d
020 |a 0-19-927739-7 
035 |l 10087815 
040 |a GR-MY-UA  |b gre  |e aacr 
041 0 |a eng 
082 0 |a 333.72  |2 (22) 
100 1 |a Dryzek, John S.,   |d 1953- 
245 1 4 |a The politics of the earth :  |b environmental discourses /  |c John S. Dryzek 
250 |a 2nd. ed. 
260 |a Oxford; New York :   |b Oxford University Press,   |c [2005] 
300 |a xii, 261 σ.;  |c 24 εκ. 
504 |a Βιβλιογραφία: σ. 237-253 
504 |a Περιέχει ευρετήριο 
650 0 0 |a Environmentalism. 
650 0 0 |a Green movement. 
650 0 0 |a Environmental policy. 
852 |a INST  |b LESVOS  |e 20070514  |h 333.72 DRY  |p 005100038382  |q 005100038382  |t BK  |y 0 
901 |a BIBL1-2007-2 
909 |a Λ  |b 132844 
970 |a ΒΑΡΚΑ  |b ΕΛΕΥΘΕΡΙΑ  |z 2007/05/14